The idea of history in a changing world / (Record no. 92658)

MARC details
000 -LEADER
fixed length control field 00604nam a22001937a 4500
005 - DATE AND TIME OF LATEST TRANSACTION
control field 20150410103244.0
010 ## - LCCN (DPL NO)
LC control number ENG-112454
020 ## - INTERNATIONAL STANDARD BOOK NUMBER
International Standard Book Number 9788170743590
Terms of availability 895.00
035 ## - SYSTEM CONTROL NUMBER
System control number EN-95986
037 ## - SOURCE OF ACQUISITION
Source of stock number/acquisition DBAD/PUB
082 ## - DEWEY DECIMAL CLASSIFICATION NUMBER
Classification number 901
100 ## - MAIN ENTRY--PERSONAL NAME
Personal name Choudhury, Deba Prosad
245 ## - TITLE STATEMENT
Title The idea of history in a changing world /
Statement of responsibility, etc by Deba Prosad Choudhury
260 ## - PUBLICATION, DISTRIBUTION, ETC. (IMPRINT)
Place of publication, distribution, etc Kolkatta
Name of publisher, distributor, etc K.P. Bagchi
Date of publication, distribution, etc 2015
270 ## - ADDRESS
Address 286, B.B.Ganguli Street,
City Kolkatta
Postal code 700012
300 ## - PHYSICAL DESCRIPTION
Extent 320p.
Dimensions 22cm(Hb)
500 ## - GENERAL NOTE
General note Includes bibliographical references and index
942 ## - ADDED ENTRY ELEMENTS (KOHA)
Source of classification or shelving scheme Dewey Decimal Classification
Item type English Books
Call number suffix CHO
Classification part 901
Holdings
Withdrawn status Lost status Not for loan Collection code Home library Current library Date acquired Source of acquisition Cost, normal purchase price Full call number Barcode Copy number Cost, replacement price Koha item type
    Not For Loan Non-fiction D.B.Act.Division D.B.Act.Division 31/03/2015 DBAD/PUB 895.00 901 CHO EN-95986 1 895.00 English Books

© Delhi Public Library
Hit Counter
free hit counter